[Event "FRA-chT2"]
[Site "France"]
[Date "2002.01.??"]
[Round "6"]
[White "Estival, Alain"]
[Black "Paci, Cedric"]
[Result "0-1"]
[WhiteElo "2148"]
[BlackElo "2197"]
[PlyCount "106"]
[EventDate "2002.??.??"]
[EventType "team-tourn"]
[EventRounds "11"]
[EventCountry "FRA"]
[SourceTitle "EXT 2003"]
[Source "ChessBase"]
[SourceDate "2002.11.25"]
[SourceVersion "1"]
[SourceVersionDate "2002.11.25"]
[SourceQuality "1"]

1. d4 Nf6 2. Bg5 e6 3. e4 h6 4. Bxf6 Qxf6 5. c3 d6 6. Bd3 Nc6 7. Ne2 e5 8. Bb5 Bd7 9. d5 Nb8 10. Bxd7+ Nxd7 11. 0-0 g6 12. Nd2 Bg7 13. b4 0-0 14. Nb3 Qe7 15. Qd3 f5 16. f3 h5 17. c4 Bh6 18. Nc3 Bf4 19. Ne2 Bh6 20. Nc3 Kh7 21. Rae1 Bf4 22. Ne2 fxe4 23. Qxe4 Qg5 24. Nxf4 Rxf4 25. Qc2 Raf8 26. Nd2 Nf6 27. Qd3 Rd4 28. f4 Rxf4 29. Rxf4 Qxf4 30. Rf1 Qh6 31. Rf2 Ng4 32. Rxf8 Qxf8 33. Nf3 Qf4 34. g3 Qc1+ 35. Kg2 Qxc4 36. Ng5+ Kh6 37. Qxc4 Ne3+ 38. Kf3 Nxc4 39. Ne6 c6 40. dxc6 bxc6 41. Nd8 d5 42. Nxc6 a6 43. a4 Kg5 44. Nb8 e4+ 45. Kf2 d4 46. Nxa6 d3 47. Nc5 Kf5 48. Nxd3 exd3 49. a5 Ke4 50. a6 Kd4 51. a7 Nb6 52. b5 Kc3 53. Ke1 Kc2 0-1

[Event "FRA-chT"]
[Site "France"]
[Date "1996.??.??"]
[Round "?"]
[White "Estival, Alain"]
[Black "Dubreuil, Nicolas"]
[Result "0-1"]
[WhiteElo "2165"]
[BlackElo "2235"]
[PlyCount "86"]
[EventDate "1996.??.??"]
[EventType "team-tourn"]
[EventRounds "11"]
[EventCountry "FRA"]
[SourceTitle "CBM 055 Extra"]
[Source "ChessBase"]
[SourceDate "1997.01.01"]
[SourceVersion "1"]
[SourceVersionDate "1997.01.01"]
[SourceQuality "1"]

1. d4 d5 2. c4 e6 3. Nc3 Nf6 4. Bg5 c6 5. cxd5 exd5 6. Qc2 Be7 7. e3 Nbd7 8. Bd3 Nf8 9. Nf3 Ne6 10. Bxf6 Bxf6 11. 0-0 g6 12. b4 0-0 13. Rab1 b6 14. b5 c5 15. Nxd5 cxd4 16. Be4 Rb8 17. Nxf6+ Qxf6 18. Nxd4 Nxd4 19. exd4 Qxd4 20. Rfd1 Qe5 21. Re1 Re8 22. Re3 Qc5 23. Qxc5 bxc5 24. Bc6 Re6 25. Rxe6 Bxe6 26. a4 Kf8 27. Rc1 c4 28. a5 Ke7 29. b6 a6 30. Rd1 c3 31. Be4 Rd8 32. Rc1 f5 33. Bf3 g5 34. Rxc3 g4 35. Be2 Rd2 36. Kf1 Ra2 37. b7 Ra1+ 38. Bd1 Rxd1+ 39. Ke2 Rb1 40. Rc7+ Bd7 41. b8Q Rxb8 42. Ra7 Rb4 43. f3 Ra4 0-1

[Event "Paris op-B"]
[Site "Paris"]
[Date "1996.??.??"]
[Round "?"]
[White "Estival, Alain"]
[Black "Godard, Maxence"]
[Result "1-0"]
[WhiteElo "2180"]
[BlackElo "2255"]
[PlyCount "67"]
[EventDate "1996.04.??"]
[EventType "swiss"]
[EventRounds "9"]
[EventCountry "FRA"]
[SourceTitle "EXT 2004"]
[Source "ChessBase"]
[SourceDate "2003.11.25"]
[SourceVersion "1"]
[SourceVersionDate "2003.11.25"]
[SourceQuality "1"]

1. d4 Nf6 2. c4 c6 3. Nc3 d5 4. cxd5 cxd5 5. Bf4 e6 6. e3 Nc6 7. h3 Bd6 8. Bxd6 Qxd6 9. f4 g5 10. Qf3 Ne4 11. Bd3 Qb4 12. Nge2 Qxb2 13. 0-0 Nxc3 14. Nxc3 Qxc3 15. fxg5 Nd8 16. Rad1 Bd7 17. Qf6 Rf8 18. Bxh7 Nc6 19. g6 Qxe3+ 20. Kh1 Nd8 21. gxf7+ Nxf7 22. Bg6 Rc8 23. Bxf7+ Rxf7 24. Qxf7+ Kd8 25. Qg7 Rc6 26. h4 Qe4 27. Qg5+ Kc7 28. Qg3+ Kd8 29. Rf8+ Ke7 30. Rdf1 Be8 31. Rxe8+ Kxe8 32. Qb8+ Ke7 33. Qf8+ Kd7 34. Rf7# 1-0

[Event "FRA-ch Accession"]
[Site "Auxerre"]
[Date "1996.??.??"]
[Round "7"]
[White "Neiman, Emmanuel"]
[Black "Estival, Alain"]
[Result "1-0"]
[WhiteElo "2295"]
[BlackElo "2180"]
[PlyCount "123"]
[EventDate "1996.??.??"]
[EventType "swiss"]
[EventRounds "10"]
[EventCountry "FRA"]
[SourceTitle "EXT 2004"]
[Source "ChessBase"]
[SourceDate "2003.11.25"]
[SourceVersion "1"]
[SourceVersionDate "2003.11.25"]
[SourceQuality "1"]

1. d4 g6 2. c4 Bg7 3. Nc3 d6 4. e4 Nc6 5. d5 Nd4 6. Be3 c5 7. Nge2 Qb6 8. Na4 Qa5+ 9. Bd2 Qa6 10. Nxd4 Bxd4 11. Nc3 Bg7 12. Bd3 Nf6 13. 0-0 0-0 14. h3 Qb6 15. Rb1 Qc7 16. a3 Nd7 17. Qe2 a6 18. Kh1 Rb8 19. Bg5 Ne5 20. Bc2 b5 21. cxb5 h6 22. Bd2 axb5 23. f4 Nc4 24. Nxb5 Rxb5 25. Qxc4 Ba6 26. b4 Qb7 27. Qa2 cxb4 28. axb4 Rb6 29. Rfc1 Bb5 30. Qb3 Ra8 31. Qe3 Rba6 32. e5 Bc4 33. exd6 Rxd6 34. Rg1 Bxd5 35. f5 Rda6 36. fxg6 fxg6 37. Bb3 e6 38. Rbe1 Kh7 39. Bxd5 Qxd5 40. Bc1 Rc8 41. Rd1 Qb7 42. Rd3 Rc2 43. Rd8 Qc7 44. Rgd1 Rc3 45. R8d7 Rxe3 46. Rxc7 Ra1 47. Rxg7+ Kxg7 48. Bb2+ Kf7 49. Rxa1 Rb3 50. Ra7+ Ke8 51. Bg7 Rxb4 52. Bxh6 e5 53. Bg5 e4 54. h4 Rb1+ 55. Kh2 Kf8 56. Re7 Rb4 57. Re5 Kf7 58. Kg3 Rc4 59. Kf4 Rc2 60. g3 Rc3 61. Re7+ Kf8 62. Rxe4 1-0

[Event "Budapest"]
[Site "Budapest"]
[Date "1993.??.??"]
[Round "?"]
[White "Bali, Janos"]
[Black "Estival, Alain"]
[Result "0-1"]
[WhiteElo "2215"]
[BlackElo "2280"]
[PlyCount "87"]
[EventDate "1993.??.??"]
[EventType "tourn"]
[EventRounds "11"]
[EventCountry "HUN"]
[EventCategory "2"]
[SourceTitle "EXT 1997"]
[Source "ChessBase"]
[SourceDate "1996.11.15"]
[SourceVersion "1"]
[SourceVersionDate "1996.11.15"]
[SourceQuality "1"]

1. d4 g6 2. e4 Bg7 3. c4 d6 4. Nc3 Nc6 5. Be3 e5 6. Nge2 exd4 7. Nxd4 Nge7 8. Be2 0-0 9. 0-0 f5 10. exf5 Bxd4 11. Bxd4 Nxf5 12. Nb5 Ncxd4 13. Nxd4 a6 14. Nxf5 Bxf5 15. Qd5+ Kg7 16. c5 c6 17. Qb3 Rf7 18. cxd6 Qxd6 19. Rad1 Qf6 20. Bf3 Re8 21. Qb4 Re5 22. Rd6 Rb5 23. Qxb5 axb5 24. Rxf6 Kxf6 25. Rd1 Rd7 26. Rxd7 Bxd7 27. Kf1 Ke5 28. Ke2 Kd4 29. Kd2 b4 30. Bd1 c5 31. Bc2 Bc6 32. f3 c4 33. h4 c3+ 34. Kc1 Ke3 35. Bb3 h6 36. Bf7 g5 37. hxg5 hxg5 38. Be6 cxb2+ 39. Kxb2 Kf2 40. g4 Bxf3 41. Kb3 Kg3 42. Bc8 b6 43. Kxb4 Bxg4 44. Bxg4 0-1

[Event "FRA Cup"]
[Site "France"]
[Date "1990.??.??"]
[Round "3"]
[White "Estival, Alain"]
[Black "Roos, Louis"]
[Result "0-1"]
[WhiteElo "2080"]
[BlackElo "2355"]
[PlyCount "108"]
[EventDate "1990.??.??"]
[EventType "team-tourn"]
[EventRounds "4"]
[EventCountry "FRA"]
[SourceTitle "EXT 2004"]
[Source "ChessBase"]
[SourceDate "2003.11.25"]
[SourceVersion "1"]
[SourceVersionDate "2003.11.25"]
[SourceQuality "1"]

1. d4 Nf6 2. c4 g6 3. Nc3 d5 4. Bf4 Bg7 5. e3 c5 6. dxc5 Qa5 7. Qa4+ Qxa4 8. Nxa4 Ne4 9. f3 Bd7 10. fxe4 Bxa4 11. cxd5 Bxb2 12. Rb1 Bc3+ 13. Kf2 Nd7 14. Bb5 Bxb5 15. Rxb5 a6 16. Rb1 Nxc5 17. Kf3 Bg7 18. Ne2 Rc8 19. Rhd1 0-0 20. g4 b5 21. Nd4 e5 22. Nc6 Rfe8 23. Bg5 f6 24. Bh4 Kf7 25. Rbc1 Bf8 26. Be1 Nb7 27. Bc3 Ba3 28. Rc2 Nd8 29. Ba5 Nb7 30. Be1 a5 31. Rf2 Ra8 32. Bc3 Bd6 33. h4 b4 34. Ba1 Kg7 35. g5 fxg5 36. hxg5 Nc5 37. Rff1 Rf8+ 38. Kg2 Nxe4 39. Nxe5 Nc3 40. Bxc3 bxc3 41. Nc4 c2 42. Rc1 Rxf1 43. Kxf1 Be7 44. Ke2 Rc8 45. Kd3 Bxg5 46. Rxc2 Re8 47. e4 h5 48. e5 h4 49. d6 h3 50. e6 Kf6 51. d7 Rd8 52. Nb6 Kxe6 53. Rc8 h2 54. Rxd8 Bxd8 0-1